Geography Quiz

Random Geography or City Quiz
Score 0/300 Timer 20:00
1 Play Today
State City % Correct
NYNew York
94.2%
CALos Angeles
93.1%
ILChicago
92.5%
TXHouston
91.2%
TXDallas
90.8%
FLMiami
89.8%
PAPhiladelphia
89.7%
CASan Francisco
89.7%
AZPhoenix
89.5%
CASan Diego
89.1%
MABoston
87.7%
NVLas Vegas
87.1%
TXAustin
86.9%
INIndianapolis
86.7%
WASeattle
86.7%
CODenver
86.7%
DCWashington
86.4%
MIDetroit
86.3%
TXSan Antonio
85.4%
MSJackson
84.7%
TNNashville
84.4%
ORPortland
84.3%
GAAtlanta
84.1%
OKOklahoma City
83.7%
OHColumbus
83%
MOKansas City
83%
KSKansas City
83%
GAColumbus
83%
MDBaltimore
82.7%
FLJacksonville
82.4%
FLOrlando
82%
OHCleveland
81.8%
LANew Orleans
81.7%
TNMemphis
81.6%
CASacramento
81.3%
CASan Jose
80.4%
NCCharlotte
80.1%
PAPittsburgh
80%
MNMinneapolis
79.6%
MOSt. Louis
79.3%
FLTampa
79.1%
NCRaleigh
78.6%
TXFort Worth
78.5%
WIMilwaukee
77.6%
OHCincinnati
77.5%
KYLouisville
77%
TXEl Paso
76.2%
MNSt. Paul
75.6%
NYBuffalo
75.5%
UTSalt Lake City
75.4%
NMAlbuquerque
75.3%
HI*Honolulu
75.1%
NVReno
74.6%
CAOakland
74.5%
VARichmond
74.4%
CARichmond
74.4%
NEOmaha
74.2%
MOSpringfield
74.1%
MASpringfield
74.1%
ILSpringfield
74.1%
WIMadison
73.5%
LABaton Rouge
72.9%
AZTucson
72.8%
NELincoln
71.2%
NYAlbany
71.1%
OKTulsa
70.8%
COColorado Springs
70.4%
NJNewark
70.4%
IDBoise
70.4%
FLTallahassee
69.8%
ALBirmingham
69.2%
ARLittle Rock
69.1%
IADes Moines
68.7%
AKAnchorage
68.6%
VAVirginia Beach
67.4%
ORSalem
67.4%
CAFresno
67%
SCCharleston
66.8%
TXArlington
66.7%
VA*Arlington
66.7%
RIProvidence
66.5%
CAAnaheim
66.1%
KYLexington
66.1%
KSWichita
66.1%
CTHartford
65.3%
SCColumbia
65.1%
MOColumbia
65.1%
NYRochester
64.9%
MNRochester
64.9%
NJJersey City
64.7%
ALMontgomery
64.5%
KSTopeka
64.2%
OHToledo
63.9%
CALong Beach
63.2%
AZMesa
62.8%
TNKnoxville
62.1%
GAAugusta
61.8%
FLSt. Petersburg
61.5%
NCDurham
61.5%
ALMobile
61.4%
State City % Correct
COAurora
60.8%
ILAurora
60.8%
CABakersfield
60.8%
NYSyracuse
60.6%
OHDayton
60.4%
MILansing
60.2%
OHAkron
60%
FLFort Lauderdale
60%
WATacoma
59.4%
TXCorpus Christi
59.3%
GASavannah
59.3%
INFort Wayne
59.2%
WASpokane
59.1%
VANorfolk
57.8%
WIGreen Bay
57.7%
NCGreensboro
57.3%
OREugene
56.5%
AZGlendale
56.3%
CAGlendale
56.3%
AZScottsdale
56%
MIGrand Rapids
55.9%
CARiverside
55.8%
SDSioux Falls
55.5%
COBoulder
55.1%
TXLubbock
55%
NDFargo
54.8%
CASanta Ana
54.8%
NVHenderson
54.7%
NVNorth Las Vegas
53.9%
AZTempe
53.6%
CTNew Haven
53.6%
TXWaco
53.5%
MIAnn Arbor
53.3%
TXAmarillo
53.2%
NCWinston-Salem
53.1%
NYYonkers
53.1%
LAShreveport
52.9%
CAIrvine
52.9%
CAStockton
51.9%
TXPlano
51.9%
UTProvo
51.6%
TNChattanooga
51.6%
TXPasadena
51.5%
CAPasadena
51.5%
CASan Bernardino
51.4%
MAWorcester
51.1%
AZPeoria
50.3%
ILPeoria
50.3%
NHManchester
50.3%
TXLaredo
50%
NCWilmington
49.6%
MTBillings
49.2%
VAAlexandria
49%
GAAthens
48.8%
TXIrving
48.7%
PAErie
48.3%
NCFayetteville
48.3%
MIFlint
48.1%
VANewport News
48.1%
TXBrownsville
47.9%
CTBridgeport
47.7%
IACedar Rapids
47.6%
ALHuntsville
47.6%
FLHollywood
47.5%
WAVancouver
47.4%
COFort Collins
47.4%
CAConcord
47%
CAOrange
46.6%
AZChandler
46.5%
FLHialeah
46.2%
CAChula Vista
46%
CAModesto
46%
CASanta Clara
46%
VAChesapeake
45.6%
PAAllentown
45.6%
ILRockford
45.5%
LALafayette
44.8%
CAFremont
44.5%
MACambridge
44.4%
INSouth Bend
44%
CAHuntington Beach
43.5%
NJElizabeth
43.1%
INEvansville
43.1%
CASanta Clarita
43%
ILJoliet
43%
CAOxnard
42.9%
CASanta Rosa
42.8%
TXGarland
42.7%
CABerkeley
42.6%
CAOntario
42.5%
AZGilbert
42.4%
CALancaster
42.1%
OKNorman
41.8%
FLGainesville
41.3%
KSOverland Park
41.2%
CAOceanside
40.7%
CTStamford
40.2%
NJPaterson
40.2%
FLWest Palm Beach
40%
ILNaperville
39.8%
State City % Correct
IADavenport
39.5%
VAHampton
38.5%
VARoanoke
38.3%
TXOdessa
38.3%
NMLas Cruces
38.3%
NCCary
38.1%
COPueblo
38%
TXMidland
37.8%
TXWichita Falls
37.8%
MOIndependence
37.7%
MIWarren
37.5%
TXMcAllen
37.4%
TXAbilene
37.4%
FLCape Coral
37.3%
CAPomona
37.2%
CASalinas
37.2%
MALowell
37%
CAFontana
37%
FLPort St. Lucie
37%
CABurbank
36.8%
CARancho Cucamonga
36.5%
CAThousand Oaks
36.4%
CACompton
36.3%
WABellevue
36.3%
VAPortsmouth
36.1%
TNClarksville
36%
CACorona
35.8%
UTWest Valley City
35.8%
FLClearwater
35.7%
CAPalmdale
35.7%
TXBeaumont
35.6%
COLakewood
35.3%
FLPembroke Pines
35.3%
CASanta Maria
35.1%
TXDenton
35%
TXGrand Prairie
34.8%
KSOlathe
34.8%
CAGarden Grove
34.7%
CAElk Grove
34.7%
TXTyler
34.7%
AZSurprise
34.3%
CAFullerton
34.3%
TXFrisco
34.2%
CAEscondido
34.2%
CATorrance
34.1%
SCNorth Charleston
34.1%
CAMoreno Valley
34.1%
TXKilleen
33.6%
TXMcKinney
33.6%
CAVentura
33.4%
CASunnyvale
33.3%
OKBroken Arrow
33.3%
FLMiami Gardens
33.2%
TXMesquite
33.2%
CAInglewood
33.1%
MISterling Heights
33%
TNMurfreesboro
32.8%
FLCoral Springs
32.4%
MIDearborn
32.4%
CTWaterbury
32.2%
CAVallejo
32.1%
CAHayward
32%
CASan Mateo
31.9%
WIKenosha
31.9%
UTWest Jordan
31.7%
CANorwalk
31.3%
FLLakeland
31.2%
CASimi Valley
30.9%
CAVictorville
30.8%
WAEverett
30.6%
ILElgin
30.4%
COWestminster
30.2%
CAVisalia
30.2%
CACarlsbad
30.1%
NCHigh Point
29.8%
TXRound Rock
29.8%
CAEl Monte
29.4%
CADaly City
29.3%
CARoseville
29.1%
CACosta Mesa
29%
OKLawton
28.7%
COArvada
28.6%
CAClovis
28.6%
CAFairfield
28.4%
FLPalm Bay
28%
CADowney
27.8%
COThornton
27.6%
CAEl Cajon
27.6%
ORGresham
27.4%
CATemecula
27.3%
TXRichardson
27.2%
CAWest Covina
27.1%
CAAntioch
27.1%
MILivonia
26.7%
COCentennial
26.6%
FLPompano Beach
26.5%
FLMiramar
26.4%
TXCarrollton
26.2%
CARialto
25.3%
CAMurrieta
24.4%

You're not logged in!

Compare scores with friends on all Sporcle quizzes.
OR
Log In

Sporcle TV

Today on Sporcle TV


Watch our educational content, quiz creation guides, and fun videos on Sporcle TV.

Show Comments

Extras

Top Quizzes Today


Score Distribution

Your Account Isn't Verified!

In order to create a playlist on Sporcle, you need to verify the email address you used during registration. Go to your Sporcle Settings to finish the process.

Report this User

Report this user for behavior that violates our Community Guidelines.

Details: